000 01244cam a2200265Mu 4500
001 highfrequencypow1988inte
003 CaSfIA
005 20210118100120.0
007 cr||||
008 890731s1988 xx 100 0 eng d
040 _aUk
_cBRI
_dCaSfIA
020 _a0931033071
020 _a9780931033070
035 _a(OCoLC)78673802
245 0 0 _aHigh frequency power conversion :
_h[electronic resource]
_b3rd International conference : Papers.
260 _bIntertec Communications Inc,
_c1988.
490 0 _aTechnical papers of the international high frequency power conversion conference ;
_v3rd
653 _ahigh frequency power conversion
653 _aHFPC
856 4 1 _uhttp://www.archive.org/details/highfrequencypow1988inte
_zFree eBook from the Internet Archive
856 4 2 _uhttp://www.openlibrary.org/books/OL24209477M
_zAdditional information and access via Open Library
942 _cEB
506 _fНеобхідна авторизація на https://archive.org/ (створення облікового запису безкоштовно)
506 _fНеобхідна авторизація на https://openlibrary.org/ (створення облікового запису безкоштовно)
999 _c506498
_d506498